LEADER 01002nas 2200349 4500 001 990006088770203316 005 20151020104439.0 011 $a2361-1774 017 70$a00060015$2P 035 $a000608877 035 $aUSA01000608877 035 $a(ALEPH)000608877USA01 035 $a000608877 100 $a20151020a19329999km-y0ITAy0103----ba 101 $aita 102 $aIT 110 $aakazz--|||| 200 1 $aAlmanacco giuridico-forense italiano$eil lunario della toga 207 1$a1932-1934 210 $aRoma$cForo italiano$d1932-1934 215 $avolumi$cill.$d22 cm 326 $aAnnuale 606 0 $aAvvocati$xProfessione$xPeriodici$2BNCF 676 $a340.023 801 0$aIT$bsalbc$gISBD 912 $a990006088770203316 958 $aFondo Cuomo$bXV.2. Per. 104$c2 (1933); 959 $aSE 979 $aVITTORIANA$b90$c20151020$lUSA01$h1038 979 $aVITTORIANA$b90$c20151020$lUSA01$h1044 996 $aAlmanacco giuridico-forense italiano$91382710 997 $aUNISA LEADER 00999nam a2200241 i 4500 001 991001600859707536 008 030513s2001 it 001 0 ita d 020 $a8814084246 035 $ab12170471-39ule_inst 040 $aISUFI - Sett. Diritti e Politiche Euromediterranee$bita 082 0 $a342.4506 245 00$aLeggi amministrative fondamentali :$bannotate con la giurisprudenza della Corte costituzionale, della Cassazione e delle giurisdizioni amministrative /$cG. Pescatore ... [et al.]. 250 $a4. ed. 260 $aMilano :$bA. Giuffrè,$cc2001 300 $av, 2778 p. ;$c25 cm 650 4$aAmministrativo$xLegislazione 700 1 $aPescatore, Gabriele 907 $a.b12170471$b02-04-14$c13-05-03 912 $a991001600859707536 945 $aLE029 342 PES01.01$g1$i2029000001587$lle029$op$pE165.27$q-$rn$so $t0$u0$v0$w0$x0$y.i12516855$z19-05-03 996 $aLeggi amministrative fondamentali$9145218 997 $aUNISALENTO 998 $ale029$b13-05-03$cm$da $e-$fita$git $h0$i0 LEADER 01656nam0 22003131i 450 001 UON00295403 005 20231205103940.38 100 $a20070521d1958 |0itac50 ba 101 $ager$aGOT 102 $aDE 105 $a|||| 1|||| 200 1 $aSämtliche Schriften. 7.: 17. Mysterium Magnum, oder, Erklärung über das ertse Buch Mosis, 1623$eAnfang bis Capitel 43$fJacob Böhme$gneu herausgegeben von Will-Erich Peuckert 210 $a Stuttgart$cFrommans ; Bad Cannstadt$cHolzboog$d1958 215 $a1 v. (varie sequenze), [2] c. di tav.$d21 cm. Faksimile Neudruck der Ausgabe von 1730 in 11 Bänden. 464 1$1001UON00295405$12001 $aMysterium Magnum, oder, Erklärung über das ertse Buch Mosis, 1623$eAnfang bis Capitel 43$fJacob Böhme 620 $dBad Cannstatt$3UONL003062 620 $aDE$dWiesbaden$3UONL003153 676 $a291.422$cMISTICISMO$v21 700 1$aBÖHME$bJacob$3UONV138384$0420998 702 1$aPEUCKERT$bWill Erich$3UONV161501 712 $aFrommans$3UONV273389$4650 712 $aHolzboog$3UONV265043$4650 790 0$aTEUTONICUS$yBÖHME, Jacob$3UONV169506 801 $aIT$bSOL$c20240220$gRICA 912 $aUON00295403 950 $aSIBA - SISTEMA BIBLIOTECARIO DI ATENEO$dSI Fil.G VI 328 g $eSI MR 60052 5 328 g 950 $aSIBA - SISTEMA BIBLIOTECARIO DI ATENEO$dSI TED 20 I BOH 7 $eSI ST 7273/e 5 7 $sBuono 996 $aSämtliche Schriften. 7.: 17. Mysterium Magnum, oder, Erklärung über das ertse Buch Mosis, 1623$91250658 997 $aUNIOR